FRC ONT Teams 2025 - Statistics

General Stats
  • This quiz has been taken 60 times
  • The average score is 53 of 130
Answer Stats
Team Name Number Team Location % Correct
OP Robotics 2056 Stoney Creek, ON
89%
WIRED 7475 7475 Woodstock, ON
89%
7603 VESPA ROBOTICS 7603 Markham, ON
89%
Cap Alpaca 6162 6162 London, ON
83%
EOM Robotics 7476 7476 Kanata, ON
83%
Simbotics 1114 St Catharines, ON
78%
W.A.F.F.L.E.S. 4476 Kingston, ON
78%
EOM Robotics 9127 9127 Kanata, ON
78%
Blizzard 188 Toronto, ON
72%
Thunderstamps 4907 St. Thomas, ON
72%
Big Metal Lakers 6859- BML Robotics 6859 Bracebridge, ON
72%
Runnymede Robotics 1310 Toronto, ON
67%
Orbit Robotics 1360 Oakville, ON
67%
CyberCavs 4678 Breslau, ON
67%
The Alpha Dogs 4946 Bolton, ON
67%
Celt-X 5406 Hamilton, ON
67%
Crescent Coyotes 610 Toronto, ON
67%
Inverse Paradox 1325 Mississauga, ON
61%
Cybergnomes 2013 New Lowell, ON
61%
Tronic Titans 3161 Oakville, ON
61%
Team DAVE 3683 Waterloo, ON
61%
Lo-Ellen Robotics 4069 Sudbury, ON
61%
ALT-F4 7558 North York, ON
61%
SWAT 771 Oakville, ON
61%
THEORY6 1241 Mississauga, ON
56%
BCR Blackout 2200 Burlington, ON
56%
MakeShift Robotics 4039 Hamilton, ON
56%
Revolt Robotics 4976 Georgetown, ON
56%
Chargers 5409 Oakville, ON
56%
Arctos 6135 Toronto, ON
56%
Saber Bytes Robotics 772 LaSalle, ON
56%
Knight Owls 8884 Toronto, ON
56%
Critical Circuits 9062 Hamilton, ON
56%
PANTHERA TIGRIS 919 Toronto, ON
56%
Alectrona 9785 Aurora, ON
56%
The Biggest Birds 1285 Mississauga, ON
50%
Ice Cubed 1305 North Bay, ON
50%
Red Devils 1334 Oakville, ON
50%
BeaverworX 2609 Guelph, ON
50%
Merge Robotics 2706 Ottawa, ON
50%
Lake Effect Robotics 2708 Kingston, ON
50%
Oakbotics 3739 London, ON
50%
Knight Vision 4940 Windsor, ON
50%
Raider Robotics 5024 London, ON
50%
Iron Bears 854 Etobicoke, ON
50%
WARP7 865 Toronto, ON
50%
Bubbles 10015 Aurora, ON
44%
Tidal Shift 1229 Windsor, ON
44%
Paradigm Shift Robotics 2198 Toronto, ON
44%
Hoya Robotics 4152 Huntsville, ON
44%
ABSOLUTE ROBOTICS 4308 Mississauga, ON
44%
Sir Lancerbot 4917 Elmira, ON
44%
Belle River Boltheads 4920 Belle River, ON
44%
Kennedy Kinetics 5408 Windsor, ON
44%
Pink Titans 5719 Scarborough, ON
44%
Doc Botics 6110 Ajax, ON
44%
QuickStrike Niagara 6978 Saint Catharines, ON
44%
Kinetic Knights 781 Kincardine, ON
44%
Markham FireBirds 7902 Markham, ON
44%
Milliken Mills Silver Knights 9569 Markham, ON
44%
Spontaneous Combustion 10027 Unionville, ON
39%
Rebels 2702 Waterloo, ON
39%
DM High Voltage 2852 St Catharines, ON
39%
NACI Robotics 2935 Toronto, ON
39%
The Falcons 5032 Mississauga, ON
39%
Villanova WiredCats 5885 LaSalle, ON
39%
The Neil McNeil Brotherhood Bots 6975 Scarborough, ON
39%
Team MineKee 7520 North York, ON
39%
ACCN UMOJA 7712 Scarborough, ON
39%
FireHawks 9098 Oakville, ON
39%
Royal Robotics 9562 Milton, ON
39%
The Gryphons 2634 North York, ON
33%
C4 Robotics 3543 Arnprior, ON
33%
Jags 4015 Mississauga, ON
33%
DAUN 4617 London, ON
33%
CDS Cyclones 4951 King, ON
33%
Full Metal Mustangs 5031 North York, ON
33%
Copper Hawks 5912 Jordan, ON
33%
Northview Robotics 6632 Toronto, ON
33%
Manitoulin Metal 6865 M'Chigeeng, ON
33%
Amazon Warriors Robotics 6875 LaSalle, ON
33%
Banting Robotics 7200 Alliston, ON
33%
Sparkling H2O 8729 Kanata, ON
33%
Humberside Huskies 9262 Toronto, ON
33%
ALD Lions 9263 Burlington, ON
33%
Vanier Vikings 9659 North York, ON
33%
Team VIPER 10554 London, ON
28%
Trojans 2386 Burlington, ON
28%
Saints Bot 4688 Belle River, ON
28%
The Robo Devils 5036 Scarborough, ON
28%
First Nations-STEM 5672 Wiikwemkoong, ON
28%
HNMCS Robotics 7659 Mississauga, ON
28%
Atomic Dishwashers 7757 Owen Sound, ON
28%
UMEI Lightning Robotics 8081 Leamington, ON
28%
Rockway Robotics 8089 Kitchener, ON
28%
Ed Bears 8850 Scarborough, ON
28%
Wextech Titans 9782 Scarborough, ON
28%
The Last Gambit 10634 Toronto, ON
22%
RamFerno 3756 London, ON
22%
League of Logic 5870 London, ON
22%
Westminster WildBOTS 6725 London, ON
22%
Machine Mavericks 7480 Kingston, ON
22%
The Lost Sockets 8789 Dorchester, ON
22%
NileTech 9525 North York, ON
22%
Grizzly Gears 9580 Barrie, ON
22%
Jeunes Sans Frontières 10167 Brampton, ON
17%
No Signal 10218 Rockwood, ON
17%
The Erudites 10279 Stouffville, ON
17%
The Wash 10464 Ottawa, ON
17%
Liberian Canadian Association of London 10535 London, ON
17%
Gemini Robotics 10611 Tillsonburg, ON
17%
MechaWolves 3560 Brampton, ON
17%
Wolverine Robotics 5596 Toronto, ON
17%
CK Cyber Pack 5689 Chatham, ON
17%
Romero Robotics 6397 Toronto, ON
17%
GryphTech Robotics 6864 Gravenhurst, ON
17%
Morebotics 7623 Hamilton, ON
17%
Newbotics 8349 Newmarket, ON
17%
Thunder Robotics 8754 Thornhill, ON
17%
Silver Robotics 9575 Toronto, ON
17%
Blue's Bolts n' Bolts 9592 Timmins, ON
17%
Mixed Métal 10514 Sarnia, ON
11%
BoschBotics 10579 London, ON
11%
Viking Robotics 6854 London, ON
11%
Falcon Automation 6987 Fenelon Falls, ON
11%
ACE Robotics 7022 Cambridge, ON
11%
StrathDroids 7058 Srathroy, ON
11%
Titanium Titans 7136 Etobicoke, ON
11%
Wild WYRE 8731 Lindsay, ON
11%
Arcade Robotics 9589 Deep River, ON
11%
No matching quizzes found
Score Distribution
Percent of People with Each Score
Percentile by Number Answered
Your Score History
You have not taken this quiz